000 00820nam a2200241 a 4500
999 _c3563
_d3563
001 3563
003 BD-JhCC
005 20171115171534.0
008 171002s2003 bg |||| ||a| 000 0 ben d
020 _a9847900132
035 _a(BD-JhCC)
040 _aBD-JhCC
_dBD-JhCC
041 _aben
082 _a891.4415
_bMIL 2003
100 _aমিল্টন, আবুল হাসনাৎ
245 _aপ্রেমের কবিতা প্রেমের ছড়া /
_cআবুল হাসনাৎ মিল্টন; ওবায়দুল গনি চন্দন
260 _aঢাকা:
_bকল্পদূত,
_c২০০৩
300 _a40 p.;
_c22 cm
650 _aBengali poetry
700 _aচন্দন, ওবায়দুল গনি
942 _2ddc
_cBK